TOP 5 Największych Miast Belgii - Statystyki

Ogólne statystyki
  • Ten quiz został rozwiązany 165 razy
  • Średni wynik to 3 z 5
Statystyki odpowiedzi
Miejsce Położenie Ludność Miasto % Poprawnych
5. Centralne 200 tys Bruksela
99%
1. Północne 500 tys Antwerpia
86%
2. Północne 200 tys Gandawa
64%
4. Wschodnie 200 tys Liege
56%
3. Zachodnie 200 tys Charleroi
31%
Nie znaleziono quizów pasujących do podanych kryteriów
Rozkład punktacji
Procent ludzi z każdym wynikiem
Percentyl według liczby udzielonych odpowiedzi
Twoja historia wyników
Nie rozwiązałeś tego quizu